Selected articles on child labor /

Bibliographic Details
Main Author: Bullock, Edna Dean
Format: Book
Language:English
Published: White Plains, N.Y., New York city : Wilson, 1915.
Edition:2d and enl. ed.
Series:Debater's handbook series.
Subjects:

MARC

Tag First Indicator Second Indicator Subfields
LEADER 00000cam a2200000 4500
001 in00000068207
005 20151008051349.0
008 760913s1915 nyu b 01010 engm
010 |a  15005032  
035 |a (OCoLC)02428622 
035 |9 AAG7406AM 
040 |a DLC  |c TLM  |d TXA  |d UtOrBLW 
049 |a TXAM  |c [7832] 
050 0 |a HD6250.U3  |b B85 1915 
092 |a 331.3  |b B93 
100 1 |a Bullock, Edna Dean. 
245 1 0 |a Selected articles on child labor /  |c comp. by Edna D. Bullock. 
250 |a 2d and enl. ed. 
264 1 |a White Plains, N.Y.,  |a New York city :  |b Wilson,  |c 1915. 
300 |a xxvi, 238 pages ;  |c 20 cm. 
336 |a text  |b txt  |2 rdacontent 
337 |a unmediated  |b n  |2 rdamedia 
338 |a volume  |b nc  |2 rdacarrier 
490 1 |a Debaters' handbook series 
504 |a Bibliography: pages [xi]-xxiv. 
650 0 |a Child labor  |z United States. 
830 0 |a Debater's handbook series. 
999 |a MARS 
999 f f |s abce9a74-e903-3008-a259-2b954724e95d  |i 0dc83e46-20e5-3fc5-8419-005892861c48  |t 0 
952 f f |p ric  |a Texas A&M University  |b Rellis Campus  |c Joint Library Facility  |d Remote Storage  |t 0  |e HD6250.U3 B85 1915  |h Library of Congress classification  |i unmediated -- volume  |m A14800719606 
998 f f |a HD6250.U3 B85 1915  |t 0  |l Remote Storage